Southville International School and Colleges
Your cart is empty.
  • Cart
  • Lists
    Public lists Eva Luna New books Lux_list list_1
    Your lists Log in to create your own lists
  • Log in to your account
  • Your cookies
  • Search history
Southville International School and Colleges
  • Advanced search
  • Recent comments
  • Most popular
  • Libraries

Log in to your account

Log in with GOOGLE


If you do not have an external account, but do have a local account, you can still log in:

  1. Home
  2. MARC view: You can feel good all the time :
Normal view MARC view ISBD view

You can feel good all the time : (Record no. 357619)

[ view plain ]
MARC details
000 -LEADER
fixed length control field 00548nam a2200217Ia 4500
008 - FIXED-LENGTH DATA ELEMENTS--GENERAL INFORMATION
fixed length control field 180523s9999 xx 000 0 und d
050 ## - LIBRARY OF CONGRESS CALL NUMBER
Classification number MAIN RA 781
050 ## - LIBRARY OF CONGRESS CALL NUMBER
Item number .W55 1994
100 ## - MAIN ENTRY--PERSONAL NAME
Personal name Willix, Robert D.
245 #0 - TITLE STATEMENT
Title You can feel good all the time :
245 #0 - TITLE STATEMENT
Remainder of title maximum health /
245 #0 - TITLE STATEMENT
Statement of responsibility, etc Robert D. Willix.
260 ## - PUBLICATION, DISTRIBUTION, ETC. (IMPRINT)
Place of publication, distribution, etc London :
260 ## - PUBLICATION, DISTRIBUTION, ETC. (IMPRINT)
Name of publisher, distributor, etc Fleet street,
260 ## - PUBLICATION, DISTRIBUTION, ETC. (IMPRINT)
Date of publication, distribution, etc 1994
300 ## - PHYSICAL DESCRIPTION
Extent 119 pages :
300 ## - PHYSICAL DESCRIPTION
Dimensions 17 cm.
650 ## - SUBJECT ADDED ENTRY--TOPICAL TERM
Topical term or geographic name as entry element Alternative medicine.
650 ## - SUBJECT ADDED ENTRY--TOPICAL TERM
Topical term or geographic name as entry element Holistic medicine.
650 ## - SUBJECT ADDED ENTRY--TOPICAL TERM
General subdivision Health attitudes.
Holdings
Withdrawn status Lost status Damaged status Home library Current library Shelving location Date acquired Cost, normal purchase price Total Checkouts Full call number Barcode Date last seen Price effective from Koha item type
      South Mansfield College South Mansfield College   03/07/2005 0.00   MAIN RA 781 .W55 1994 SMC02300 05/23/2018 05/23/2018  

You can feel good all the time :

APA

Willix R. D., .You can feel good all the time. London: .

Chicago

Willix Robert D, .You can feel good all the time. London: .

Harvard

Willix R. D., .You can feel good all the time. London: .

MLA

Willix Robert D, .London: . .

  • Place hold
  • Print
  • Cite
  • Add to your cart (remove)
  • Save record
    BIBTEX Dublin Core MARCXML MARC (non-Unicode/MARC-8) MARC (Unicode/UTF-8) MARC (Unicode/UTF-8, Standard) MODS (XML) RIS
  • More searches
    Search for this title in:
    Other Libraries (WorldCat) Other Databases (Google Scholar) Online Stores (Bookfinder.com) Open Library (openlibrary.org)

Exporting to Dublin Core...

SOUTHVILLE LIBRARY

Southville International School and Colleges Library

1281 Tropical Ave. Cor. Luxembourg St., BF Homes International, Las Pinas City

Tel. No. 8256374 / 252358 Loc. 117/146

Powered by Koha